000
00213nam a2200085Ia 4500
008
120527s9999 xx 000 0 und d
100
_a
MCCULLOCH
245
_a
Money and inflation A monetisation approach
942
_c
BK
999
_c
26592
_d
26592